[Event "Iran Chess Championship Semi Final 2015 "]
[Site "Rasht , Iran"]
[Date "2015.12.15"]
[Round "5"]
[Board "11"]
[White "Omidi, Arya"]
[Black "Behmardi, K Rustam"]
[Result "0-1"]
[WhiteElo "2236"]
[BlackElo "2302"]
[PlyCount "0"]
[EventDate "2015.12.13"]
[EventRounds "9"]
[EventCountry "IRI"]

1. Nf3 {[%clk 1:30:57]} Nf6 {[%clk 1:29:02]} 2. g3 {[%clk 1:31:25]} b5
{[%clk 1:28:48]} 3. Bg2 {[%clk 1:31:45]} Bb7 {[%clk 1:29:12]} 4. O-O
{[%clk 1:32:12]} e6 {[%clk 1:29:29]} 5. a4 {[%clk 1:29:18]} b4 {[%clk 1:28:23]}
6. d4 {[%clk 1:21:20]} Be7 {[%clk 1:28:13]} 7. c4 {[%clk 1:20:36]} d5
{[%clk 1:22:54]} 8. cxd5 {[%clk 1:16:52]} Bxd5 {[%clk 1:22:18]} 9. Bf4
{[%clk 1:13:36]} Nbd7 {[%clk 1:17:12]} 10. Nbd2 {[%clk 1:06:51]} c5
{[%clk 1:14:39]} 11. dxc5 {[%clk 1:02:08]} Nxc5 {[%clk 1:14:21]} 12. Ne5
{[%clk 0:53:15]} Bxg2 {[%clk 1:10:12]} 13. Kxg2 {[%clk 0:53:44]} O-O
{[%clk 1:10:01]} 14. Ndf3 {[%clk 0:50:59]} Rc8 {[%clk 1:08:51]} 15. Be3
{[%clk 0:46:29]} Qa5 {[%clk 0:54:21]} 16. Bxc5 {[%clk 0:46:08]} Rxc5
{[%clk 0:54:23]} 17. Nd3 {[%clk 0:45:57]} Rd5 {[%clk 0:50:42]} 18. Re1
{[%clk 0:40:17]} Rfd8 {[%clk 0:50:38]} 19. Qb3 {[%clk 0:39:52]} e5
{[%clk 0:43:49]} 20. Nd2 {[%clk 0:35:17]} Qa6 {[%clk 0:29:47]} 21. Nc4
{[%clk 0:34:21]} e4 {[%clk 0:28:32]} 22. Nf4 {[%clk 0:29:16]} Rc5
{[%clk 0:28:25]} 23. Ne3 {[%clk 0:28:44]} g5 {[%clk 0:23:34]} 24. Nh3
{[%clk 0:28:53]} Qb7 {[%clk 0:23:52]} 25. Red1 {[%clk 0:27:21]} a5
{[%clk 0:20:02]} 26. Rxd8+ {[%clk 0:26:57]} Bxd8 {[%clk 0:20:12]} 27. Qd1
{[%clk 0:27:22]} Nd5 {[%clk 0:17:28]} 28. Qd4 {[%clk 0:18:52]} Nxe3+
{[%clk 0:16:20]} 29. fxe3 {[%clk 0:19:21]} Qd5 {[%clk 0:16:36]} 30. Nf2
{[%clk 0:17:40]} f5 {[%clk 0:14:54]} 31. Qxd5+ {[%clk 0:16:31]} Rxd5
{[%clk 0:15:20]} 32. Rd1 {[%clk 0:16:59]} Rxd1 {[%clk 0:14:50]} 33. Nxd1
{[%clk 0:17:28]} Kf7 {[%clk 0:15:06]} 34. b3 {[%clk 0:16:54]} Bf6
{[%clk 0:15:03]} 35. Nf2 {[%clk 0:10:18]} Ke6 {[%clk 0:13:21]} 36. g4
{[%clk 0:06:28]} Ke5 {[%clk 0:12:41]} 37. gxf5 {[%clk 0:06:48]} Kxf5
{[%clk 0:13:04]} 38. h3 {[%clk 0:03:09]} Bg7 {[%clk 0:02:26]} 39. Nh1
{[%clk 0:03:27]} Be5 {[%clk 0:02:48]} 40. Nf2 {[%clk 0:03:55]} Bc3
{[%clk 0:02:43]} 41. Nh1 {[%clk 0:04:05]} Be1 {[%clk 0:02:42]} 42. Kf1
{[%clk 0:03:05]} Bh4 {[%clk 0:03:02]} 43. Kg2 {[%clk 0:03:32]} h5
{[%clk 0:03:20]} 44. Kf1 {[%clk 0:02:41]} Ke5 {[%clk 0:02:23]} 45. Kg2
{[%clk 0:02:54]} Kf6 {[%clk 0:02:48]} 46. Kf1 {[%clk 0:03:08]} Kf5
{[%clk 0:03:12]} 47. Kg1 {[%clk 0:03:16]} g4 {[%clk 0:03:20]} 48. Kg2
{[%clk 0:02:56]} Kg5 {[%clk 0:02:35]} 49. hxg4 {[%clk 0:03:06]} Kxg4
{[%clk 0:02:40]} 50. Kh2 {[%clk 0:03:12]} Kf5 {[%clk 0:01:52]} 51. Kg2
{[%clk 0:03:05]} Ke5 {[%clk 0:02:07]} 52. Kf1 {[%clk 0:01:10]} Bg5
{[%clk 0:02:14]} 53. Nf2 {[%clk 0:01:06]} Bxe3 {[%clk 0:02:36]} 54. Nd1
{[%clk 0:01:26]} Bd4 {[%clk 0:02:50]} 55. e3 {[%clk 0:01:24]} Bc3
{[%clk 0:03:04]} 56. Nf2 {[%clk 0:00:39]} Kf5 {[%clk 0:02:20]} 57. Ke2
{[%clk 0:00:51]} Be5 {[%clk 0:01:57]} 58. Kf1 {[%clk 0:00:54]} Bg3
{[%clk 0:01:39]} 59. Nh3 {[%clk 0:01:03]} Kg4 {[%clk 0:01:23]} 60. Kg2
{[%clk 0:01:31]} h4 {[%clk 0:01:18]} 61. Ng1 {[%clk 0:02:00]} Be1
{[%clk 0:01:37]} 62. Nh3 {[%clk 0:02:06]} Bd2 {[%clk 0:01:24]} 63. Nf2+
{[%clk 0:02:26]} Kf5 {[%clk 0:01:48]} 64. Nd1 {[%clk 0:02:51]} Bc3
{[%clk 0:01:53]} 65. Kh3 {[%clk 0:01:14]} Bf6 {[%clk 0:01:25]} 66. Kg2
{[%clk 0:01:25]} Bg5 {[%clk 0:01:25]} 67. Kh3 {[%clk 0:01:49]} Ke5
{[%clk 0:01:18]} 68. Kg2 {[%clk 0:01:46]} Kd5 {[%clk 0:01:13]} 69. Kf2
{[%clk 0:01:47]} h3 {[%clk 0:01:14]} 70. Kg3 {[%clk 0:02:04]} Bxe3
{[%clk 0:01:30]} 71. Nxe3+ {[%clk 0:02:23]} Kd4 {[%clk 0:01:57]} 72. Nf5+
{[%clk 0:01:04]} Kc3 {[%clk 0:01:17]} 73. Kxh3 {[%clk 0:01:13]} Kxb3
{[%clk 0:01:28]} 74. Kg3 {[%clk 0:01:36]} Kxa4 {[%clk 0:01:45]} 75. Ne3
{[%clk 0:00:31]} b3 {[%clk 0:01:19]} 76. Nd1 {[%clk 0:00:45]} Kb4
{[%clk 0:01:43]} 77. Kf4 {[%clk 0:00:48]} a4 {[%clk 0:02:06]} 0-1

[Event "Iran Chess Championship Semi Final 2015 "]
[Site "Rasht , Iran"]
[Date "2015.12.15"]
[Round "5"]
[Board "12"]
[White "Mari Ooriad, Pouya"]
[Black "Sadeh, Shahin"]
[Result "0-1"]
[WhiteElo "2215"]
[BlackElo "2284"]
[PlyCount "0"]
[EventDate "2015.12.13"]
[EventRounds "9"]
[EventCountry "IRI"]

1. e4 g6 2. d4 Bg7 3. Nc3 c6 4. Bc4 b5 5. Bb3 b4 6. Nce2 a5 7. a3 Ba6 8. Nf4 e6
9. Nf3 d5 10. e5 bxa3 11. Rxa3 Ne7 12. h4 c5 13. Ba4+ Nbc6 14. Rc3 Qb6 15. Rxc5
O-O 16. Rc3 Rfc8 17. Rb3 Qc7 18. Bxc6 Nxc6 19. Re3 Bh6 20. Rc3 Qb6 21. Nh5 Bxc1
22. Nf6+ Kg7 23. Qxc1 Nxd4 24. h5 Rxc3 25. bxc3 Nxf3+ 26. gxf3 Qb5 27. Qd2 Rb8
28. Kd1 Qc5 29. Qc1 Qxf2 30. Qh6+ Kxh6 31. Ng4+ Kg5 32. Nxf2 Rb1+ 33. Kd2 Rxh1
34. hxg6 Rb1 0-1

[Event "Iran Chess Championship Semi Final 2015 "]
[Site "Rasht , Iran"]
[Date "2015.12.16"]
[Round "6"]
[Board "1"]
[White "Firouzja, Alireza"]
[Black "Tabatabaei, M.Amin"]
[Result "1-0"]
[WhiteElo "2372"]
[BlackElo "2482"]
[PlyCount "0"]
[EventDate "2015.12.13"]
[EventRounds "9"]
[EventCountry "IRI"]

1. e4 {[%clk 1:30:57]} c5 {[%clk 1:29:00]} 2. Nf3 {[%clk 1:31:11]} d6
{[%clk 1:29:25]} 3. d4 {[%clk 1:31:27]} cxd4 {[%clk 1:29:50]} 4. Nxd4
{[%clk 1:31:24]} Nf6 {[%clk 1:30:13]} 5. Nc3 {[%clk 1:31:44]} a6 {[%clk 1:30:38]}
6. Be3 {[%clk 1:30:49]} e5 {[%clk 1:31:02]} 7. Nb3 {[%clk 1:31:14]} Be6
{[%clk 1:31:28]} 8. f3 {[%clk 1:26:51]} Be7 {[%clk 1:31:49]} 9. Qd2
{[%clk 1:27:10]} O-O {[%clk 1:32:10]} 10. O-O-O {[%clk 1:27:02]} a5
{[%clk 1:32:12]} 11. Kb1 {[%clk 1:21:45]} a4 {[%clk 1:31:59]} 12. Nc1
{[%clk 1:22:11]} a3 {[%clk 1:32:22]} 13. b3 {[%clk 1:22:22]} Ra5 {[%clk 1:32:42]}
14. b4 {[%clk 1:00:05]} Ra8 {[%clk 1:27:37]} 15. g4 {[%clk 0:53:29]} Na6
{[%clk 1:11:17]} 16. g5 {[%clk 0:40:07]} Nh5 {[%clk 1:09:23]} 17. Nd5
{[%clk 0:40:03]} Bxd5 {[%clk 1:09:37]} 18. exd5 {[%clk 0:40:28]} f5
{[%clk 1:09:51]} 19. gxf6 {[%clk 0:36:17]} Bxf6 {[%clk 1:09:49]} 20. Nb3
{[%clk 0:33:11]} Nc7 {[%clk 1:02:54]} 21. b5 {[%clk 0:27:38]} Qd7
{[%clk 0:53:23]} 22. Qb4 {[%clk 0:26:52]} Nf4 {[%clk 0:52:19]} 23. Bc4
{[%clk 0:26:26]} Rfc8 {[%clk 0:31:56]} 24. Nd2 {[%clk 0:17:56]} Ne8
{[%clk 0:25:08]} 25. Qb3 {[%clk 0:12:44]} Bd8 {[%clk 0:17:27]} 26. Ne4
{[%clk 0:08:44]} Qc7 {[%clk 0:15:58]} 27. Bf1 {[%clk 0:08:35]} Nf6
{[%clk 0:11:54]} 28. Ng3 {[%clk 0:05:02]} Qc3 {[%clk 0:08:36]} 29. Bd2
{[%clk 0:02:18]} Qxb3+ {[%clk 0:08:48]} 30. cxb3 {[%clk 0:02:43]} Ba5
{[%clk 0:06:22]} 31. Bxf4 {[%clk 0:01:23]} exf4 {[%clk 0:06:46]} 32. Nf5
{[%clk 0:01:50]} Rd8 {[%clk 0:06:13]} 33. Nd4 {[%clk 0:01:42]} Bc3
{[%clk 0:05:14]} 34. Ne6 {[%clk 0:02:01]} Rdc8 {[%clk 0:05:43]} 35. Nxf4
{[%clk 0:01:34]} Be5 {[%clk 0:03:51]} 36. Ne6 {[%clk 0:01:54]} Nh5
{[%clk 0:01:05]} 37. Bc4 {[%clk 0:01:20]} b6 {[%clk 0:01:06]} 38. Rhe1
{[%clk 0:01:20]} Bf6 {[%clk 0:01:05]} 39. Nd4 {[%clk 0:00:37]} Rf8
{[%clk 0:00:49]} 40. Re6 {[%clk 0:00:35]} Rad8 {[%clk 0:01:00]} 41. Nf5
{[%clk 0:00:43]} g6 {[%clk 0:00:38]} 42. Nxd6 {[%clk 0:00:38]} Ng7
{[%clk 0:00:58]} 43. Rxf6 {[%clk 0:00:32]} Rxf6 {[%clk 0:01:26]} 44. Ne4
{[%clk 0:00:52]} Rf5 {[%clk 0:00:54]} 45. Rd3 {[%clk 0:00:33]} Kf8
{[%clk 0:01:08]} 46. d6 {[%clk 0:00:35]} Ne8 {[%clk 0:00:43]} 47. Be6
{[%clk 0:00:35]} Re5 {[%clk 0:00:40]} 48. Bc4 {[%clk 0:00:56]} Rf5
{[%clk 0:00:59]} 49. Kc2 {[%clk 0:00:45]} Nf6 {[%clk 0:00:53]} 50. Kc3
{[%clk 0:01:02]} Nd7 {[%clk 0:00:47]} 51. Re3 {[%clk 0:00:45]} Ne5
{[%clk 0:00:43]} 52. Kb4 {[%clk 0:00:34]} Nxf3 {[%clk 0:00:41]} 53. Kxa3
{[%clk 0:00:37]} Ng5 {[%clk 0:00:53]} 54. Nxg5 {[%clk 0:00:33]} Rxg5
{[%clk 0:01:22]} 55. Re6 {[%clk 0:00:42]} Rg2 {[%clk 0:01:37]} 56. d7
{[%clk 0:00:43]} Rxd7 {[%clk 0:02:06]} 57. Rxb6 {[%clk 0:01:07]} Ke7
{[%clk 0:00:53]} 58. Re6+ {[%clk 0:00:41]} Kd8 {[%clk 0:01:23]} 59. b6
{[%clk 0:00:58]} Rgd2 {[%clk 0:01:30]} 60. Bb5 {[%clk 0:00:44]} Re7
{[%clk 0:01:52]} 61. Rf6 {[%clk 0:01:08]} Rb7 {[%clk 0:00:43]} 62. Ba6
{[%clk 0:00:48]} Ke7 {[%clk 0:00:57]} 63. Bxb7 {[%clk 0:00:55]} Kxf6
{[%clk 0:01:27]} 64. Bc8 {[%clk 0:01:19]} 1-0

[Event "Iran Chess Championship Semi Final 2015 "]
[Site "Rasht , Iran"]
[Date "2015.12.16"]
[Round "6"]
[Board "2"]
[White "Javanbakht, Nima"]
[Black "Noroozi, Omid"]
[Result "0-1"]
[WhiteElo "2410"]
[BlackElo "2380"]
[PlyCount "0"]
[EventDate "2015.12.13"]
[EventRounds "9"]
[EventCountry "IRI"]

1. d4 {[%clk 1:30:58]} d5 {[%clk 1:24:20]} 2. c4 {[%clk 1:31:13]} c6
{[%clk 1:24:46]} 3. Nf3 {[%clk 1:31:38]} Nf6 {[%clk 1:25:12]} 4. Nc3
{[%clk 1:32:03]} e6 {[%clk 1:25:34]} 5. Qc2 {[%clk 1:32:22]} dxc4
{[%clk 1:24:07]} 6. e4 {[%clk 1:32:48]} b5 {[%clk 1:17:27]} 7. Bg5
{[%clk 1:32:55]} h6 {[%clk 1:17:01]} 8. Bh4 {[%clk 1:31:23]} g5 {[%clk 1:13:33]}
9. Bg3 {[%clk 1:31:33]} Bb7 {[%clk 1:13:57]} 10. Be2 {[%clk 1:31:52]} Nbd7
{[%clk 1:14:04]} 11. O-O {[%clk 1:32:03]} Be7 {[%clk 1:01:43]} 12. Ne5
{[%clk 1:25:40]} h5 {[%clk 1:01:17]} 13. h3 {[%clk 1:19:54]} g4 {[%clk 0:54:56]}
14. hxg4 {[%clk 1:15:28]} Nxe5 {[%clk 0:45:24]} 15. Bxe5 {[%clk 0:53:04]} hxg4
{[%clk 0:45:52]} 16. Bxg4 {[%clk 0:52:29]} Bd6 {[%clk 0:31:04]} 17. Bh3
{[%clk 0:46:04]} Bxe5 {[%clk 0:30:10]} 18. dxe5 {[%clk 0:46:28]} Nd7
{[%clk 0:27:11]} 19. f4 {[%clk 0:45:19]} Nc5 {[%clk 0:27:40]} 20. Rad1
{[%clk 0:41:22]} Nd3 {[%clk 0:27:53]} 21. b3 {[%clk 0:35:38]} Qd4+
{[%clk 0:25:45]} 22. Kh2 {[%clk 0:36:02]} O-O-O {[%clk 0:24:26]} 23. Rf3
{[%clk 0:33:40]} Kb8 {[%clk 0:22:20]} 24. bxc4 {[%clk 0:26:34]} bxc4
{[%clk 0:22:49]} 25. Rb1 {[%clk 0:26:21]} Ka8 {[%clk 0:22:58]} 26. a4
{[%clk 0:25:15]} Rh4 {[%clk 0:21:17]} 27. Rbf1 {[%clk 0:18:39]} a6
{[%clk 0:21:14]} 28. a5 {[%clk 0:15:26]} c5 {[%clk 0:21:02]} 29. Rb1
{[%clk 0:13:20]} Nxf4 {[%clk 0:14:57]} 30. Qb2 {[%clk 0:10:39]} Rb8
{[%clk 0:10:58]} 31. Qf2 {[%clk 0:08:28]} Ng6 {[%clk 0:05:07]} 32. Na4
{[%clk 0:05:32]} Qxf2 {[%clk 0:03:42]} 33. Rxf2 {[%clk 0:05:40]} Nxe5
{[%clk 0:04:05]} 34. Nxc5 {[%clk 0:05:04]} Ng4+ {[%clk 0:03:36]} 35. Kg3
{[%clk 0:05:29]} Nxf2 {[%clk 0:04:04]} 36. Kxh4 {[%clk 0:05:53]} Nxe4
{[%clk 0:02:56]} 37. Nxb7 {[%clk 0:01:55]} Rxb7 {[%clk 0:03:17]} 38. Rc1
{[%clk 0:02:24]} f5 {[%clk 0:02:41]} 39. Kh5 {[%clk 0:02:30]} c3 {[%clk 0:02:43]}
40. Kg6 {[%clk 0:02:56]} Rb2 {[%clk 0:01:27]} 41. g4 {[%clk 0:00:52]} fxg4
{[%clk 0:01:41]} 42. Bf1 {[%clk 0:01:17]} g3 {[%clk 0:01:06]} 43. Bd3
{[%clk 0:01:22]} Nc5 {[%clk 0:01:18]} 0-1

[Event "Iran Chess Championship Semi Final 2015 "]
[Site "Rasht , Iran"]
[Date "2015.12.16"]
[Round "6"]
[Board "3"]
[White "Lorparizangeneh, Shahin"]
[Black "Khamisi, S Jafar"]
[Result "1-0"]
[WhiteElo "2454"]
[BlackElo "2224"]
[PlyCount "0"]
[EventDate "2015.12.13"]
[EventRounds "9"]
[EventCountry "IRI"]

1. d4 {[%clk 1:30:14]} d5 {[%clk 1:30:03]} 2. c4 {[%clk 1:30:32]} c6
{[%clk 1:30:11]} 3. Nf3 {[%clk 1:30:50]} Nf6 {[%clk 1:30:21]} 4. g3
{[%clk 1:30:52]} dxc4 {[%clk 1:24:40]} 5. Bg2 {[%clk 1:30:58]} b5
{[%clk 1:22:07]} 6. O-O {[%clk 1:29:51]} Bb7 {[%clk 1:22:07]} 7. b3
{[%clk 1:26:49]} cxb3 {[%clk 1:18:31]} 8. axb3 {[%clk 1:27:10]} Nbd7
{[%clk 1:18:40]} 9. Qc2 {[%clk 1:25:47]} e6 {[%clk 1:17:27]} 10. Ne5
{[%clk 1:24:26]} Nxe5 {[%clk 1:16:17]} 11. dxe5 {[%clk 1:24:54]} Nd5
{[%clk 1:16:33]} 12. Nd2 {[%clk 1:23:56]} Be7 {[%clk 0:59:32]} 13. Ne4
{[%clk 1:22:42]} O-O {[%clk 0:56:22]} 14. Bb2 {[%clk 1:22:16]} Qb6
{[%clk 0:52:51]} 15. Nd6 {[%clk 1:01:48]} c5 {[%clk 0:42:55]} 16. Qd2
{[%clk 0:56:06]} Rfd8 {[%clk 0:35:18]} 17. Rfd1 {[%clk 0:54:49]} Rd7
{[%clk 0:25:34]} 18. e4 {[%clk 0:32:52]} Nb4 {[%clk 0:20:00]} 19. Qf4
{[%clk 0:31:56]} Rf8 {[%clk 0:20:00]} 20. Rd2 {[%clk 0:30:31]} Rdd8
{[%clk 0:16:39]} 21. h4 {[%clk 0:28:36]} Ba8 {[%clk 0:15:11]} 22. Qg4
{[%clk 0:27:53]} Nc6 {[%clk 0:12:57]} 23. Rad1 {[%clk 0:19:04]} Nd4
{[%clk 0:05:34]} 24. b4 {[%clk 0:19:13]} Nc6 {[%clk 0:05:01]} 25. f4
{[%clk 0:17:13]} cxb4+ {[%clk 0:04:33]} 26. Kh2 {[%clk 0:17:10]} g6
{[%clk 0:02:11]} 27. f5 {[%clk 0:16:45]} Qc5 {[%clk 0:01:11]} 28. Qf4
{[%clk 0:16:19]} Bxd6 {[%clk 0:00:34]} 29. exd6 {[%clk 0:15:59]} exf5
{[%clk 0:00:35]} 30. Rc1 {[%clk 0:15:29]} Qb6 {[%clk 0:00:45]} 31. exf5
{[%clk 0:15:57]} Na5 {[%clk 0:00:32]} 32. Qh6 {[%clk 0:15:50]} f6
{[%clk 0:00:46]} 33. Rc7 {[%clk 0:16:10]} 1-0

[Event "Iran Chess Championship Semi Final 2015 "]
[Site "Rasht , Iran"]
[Date "2015.12.16"]
[Round "6"]
[Board "4"]
[White "Rostami, Rouzbeh"]
[Black "Maghsoodloo, Parham"]
[Result "0-1"]
[WhiteElo "2150"]
[BlackElo "2443"]
[PlyCount "0"]
[EventDate "2015.12.13"]
[EventRounds "9"]
[EventCountry "IRI"]

1. e4 {[%clk 1:30:30]} e5 {[%clk 1:18:24]} 2. Nf3 {[%clk 1:30:01]} d6
{[%clk 1:18:24]} 3. d4 {[%clk 1:27:41]} Nf6 {[%clk 1:18:26]} 4. dxe5
{[%clk 1:27:33]} Nxe4 {[%clk 1:18:50]} 5. Qd5 {[%clk 1:27:56]} Nc5
{[%clk 1:19:15]} 6. Bg5 {[%clk 1:28:19]} Be7 {[%clk 1:19:38]} 7. exd6
{[%clk 1:28:23]} Qxd6 {[%clk 1:20:01]} 8. Nc3 {[%clk 1:28:48]} c6
{[%clk 1:18:47]} 9. Qxd6 {[%clk 1:28:29]} Bxd6 {[%clk 1:19:16]} 10. O-O-O
{[%clk 1:28:45]} Bc7 {[%clk 1:19:38]} 11. Bc4 {[%clk 1:25:33]} Be6
{[%clk 1:19:51]} 12. Bxe6 {[%clk 1:19:42]} Nxe6 {[%clk 1:20:12]} 13. Be3
{[%clk 1:18:22]} O-O {[%clk 1:19:26]} 14. Nd4 {[%clk 1:13:13]} Re8
{[%clk 1:13:20]} 15. Nf5 {[%clk 1:11:19]} b6 {[%clk 1:11:27]} 16. g3
{[%clk 1:10:44]} g6 {[%clk 1:06:07]} 17. Nh6+ {[%clk 1:03:59]} Kg7
{[%clk 1:05:11]} 18. Rhe1 {[%clk 1:04:27]} f5 {[%clk 1:02:02]} 19. Ne2
{[%clk 0:47:07]} Kf8 {[%clk 0:42:40]} 20. h4 {[%clk 0:39:40]} Re7
{[%clk 0:35:51]} 21. Bg5 {[%clk 0:31:24]} Rd7 {[%clk 0:27:06]} 22. Bf6
{[%clk 0:31:14]} Bd8 {[%clk 0:22:21]} 23. Nf4 {[%clk 0:15:38]} Nxf4
{[%clk 0:22:05]} 24. Bxd8 {[%clk 0:15:39]} Rxd1+ {[%clk 0:15:14]} 25. Rxd1
{[%clk 0:15:43]} Ne2+ {[%clk 0:05:18]} 26. Kb1 {[%clk 0:15:18]} Na6
{[%clk 0:04:11]} 27. Bg5 {[%clk 0:11:06]} Nc5 {[%clk 0:03:53]} 28. Rd2
{[%clk 0:10:45]} Re8 {[%clk 0:03:57]} 29. Be3 {[%clk 0:10:01]} Nxg3
{[%clk 0:03:12]} 30. b4 {[%clk 0:09:28]} Nge4 {[%clk 0:03:17]} 31. bxc5
{[%clk 0:07:19]} Nxd2+ {[%clk 0:03:42]} 32. Bxd2 {[%clk 0:07:47]} Re2
{[%clk 0:03:51]} 33. Be3 {[%clk 0:07:58]} bxc5 {[%clk 0:03:32]} 34. Bxc5+
{[%clk 0:03:47]} Kg7 {[%clk 0:03:59]} 35. Nxf5+ {[%clk 0:03:37]} gxf5
{[%clk 0:04:22]} 36. Bxa7 {[%clk 0:03:59]} Re4 {[%clk 0:04:47]} 37. Kb2
{[%clk 0:04:24]} Rxh4 {[%clk 0:04:55]} 38. Kb3 {[%clk 0:04:51]} Kf7
{[%clk 0:05:22]} 39. a4 {[%clk 0:04:25]} Ke8 {[%clk 0:05:51]} 40. a5
{[%clk 0:04:20]} Kd7 {[%clk 0:06:17]} 41. a6 {[%clk 0:04:42]} Kc8
{[%clk 0:06:42]} 42. c4 {[%clk 0:05:07]} Rh1 {[%clk 0:06:55]} 43. Bd4
{[%clk 0:05:10]} Rd1 {[%clk 0:06:13]} 44. Be5 {[%clk 0:05:23]} Rb1+
{[%clk 0:06:26]} 45. Ka4 {[%clk 0:04:55]} h5 {[%clk 0:06:43]} 46. Ka5
{[%clk 0:04:54]} h4 {[%clk 0:06:34]} 47. Ka4 {[%clk 0:05:04]} Re1
{[%clk 0:06:15]} 0-1

[Event "Iran Chess Championship Semi Final 2015 "]
[Site "Rasht , Iran"]
[Date "2015.12.16"]
[Round "6"]
[Board "5"]
[White "Sedaghati, Mehrdad"]
[Black "Darini, Pouria"]
[Result "1/2-1/2"]
[WhiteElo "2325"]
[BlackElo "2500"]
[PlyCount "0"]
[EventDate "2015.12.13"]
[EventRounds "9"]
[EventCountry "IRI"]

1. e4 {[%clk 1:30:58]} g6 {[%clk 1:28:57]} 2. d4 {[%clk 1:31:08]} Bg7
{[%clk 1:29:21]} 3. Nc3 {[%clk 1:31:01]} d6 {[%clk 1:29:44]} 4. Be3
{[%clk 1:30:59]} a6 {[%clk 1:29:57]} 5. Qd2 {[%clk 1:29:42]} b5 {[%clk 1:29:41]}
6. a4 {[%clk 1:28:59]} b4 {[%clk 1:29:48]} 7. Nd1 {[%clk 1:29:12]} a5
{[%clk 1:26:19]} 8. f3 {[%clk 1:22:21]} Nd7 {[%clk 1:26:09]} 9. Bb5
{[%clk 1:19:53]} Bb7 {[%clk 1:14:16]} 10. c3 {[%clk 1:14:09]} c6 {[%clk 1:04:35]}
11. Bd3 {[%clk 1:13:25]} e5 {[%clk 1:04:42]} 12. Ne2 {[%clk 1:13:13]} exd4
{[%clk 0:54:29]} 13. cxd4 {[%clk 1:09:22]} Ngf6 {[%clk 0:54:52]} 14. O-O
{[%clk 1:07:56]} O-O {[%clk 0:55:17]} 15. Rc1 {[%clk 1:08:13]} c5
{[%clk 0:52:24]} 16. d5 {[%clk 0:44:07]} Ne5 {[%clk 0:48:11]} 17. Bb5
{[%clk 0:43:41]} Ne8 {[%clk 0:48:40]} 18. Ng3 {[%clk 0:40:25]} Nc7
{[%clk 0:34:43]} 19. Be2 {[%clk 0:38:26]} f5 {[%clk 0:23:27]} 20. exf5
{[%clk 0:30:49]} gxf5 {[%clk 0:21:57]} 21. Nh5 {[%clk 0:28:19]} Bh8
{[%clk 0:18:16]} 22. Bg5 {[%clk 0:20:50]} Qe8 {[%clk 0:16:59]} 23. Nf4
{[%clk 0:19:01]} Nf7 {[%clk 0:09:57]} 24. Bh4 {[%clk 0:19:26]} Bd4+
{[%clk 0:04:53]} 25. Bf2 {[%clk 0:16:22]} Be5 {[%clk 0:03:52]} 26. Bc4
{[%clk 0:15:45]} Bxf4 {[%clk 0:01:10]} 27. Qxf4 {[%clk 0:16:13]} Qe5
{[%clk 0:00:43]} 28. Qd2 {[%clk 0:14:39]} Nxd5 {[%clk 0:00:37]} 29. Re1
{[%clk 0:14:53]} Qf4 {[%clk 0:01:07]} 30. Qxf4 {[%clk 0:14:53]} Nxf4
{[%clk 0:01:36]} 31. Bg3 {[%clk 0:15:23]} Nd5 {[%clk 0:01:00]} 32. Nf2
{[%clk 0:14:32]} Rae8 {[%clk 0:00:32]} 33. Red1 {[%clk 0:11:46]} Ne3
{[%clk 0:00:51]} 34. Bxd6 {[%clk 0:07:35]} Nxd1 {[%clk 0:00:33]} 35. Rxd1
{[%clk 0:03:13]} Rd8 {[%clk 0:00:50]} 36. Bxf8 {[%clk 0:03:38]} Rxd1+
{[%clk 0:01:15]} 37. Nxd1 {[%clk 0:04:04]} Kxf8 {[%clk 0:01:39]} 38. Bd3
{[%clk 0:03:50]} Bc6 {[%clk 0:00:35]} 39. b3 {[%clk 0:03:45]} Bd5
{[%clk 0:00:49]} 40. Bc2 {[%clk 0:04:14]} f4 {[%clk 0:00:39]} 41. Nb2
{[%clk 0:04:17]} Ne5 {[%clk 0:01:03]} 42. Kf2 {[%clk 0:04:40]} Nc6
{[%clk 0:00:38]} 43. Be4 {[%clk 0:02:06]} Bxe4 {[%clk 0:01:01]} 44. fxe4
{[%clk 0:02:35]} Nd4 {[%clk 0:00:37]} 45. Nc4 {[%clk 0:03:04]} Nxb3
{[%clk 0:00:53]} 46. Kf3 {[%clk 0:03:03]} Nd4+ {[%clk 0:00:36]} 47. Kxf4
{[%clk 0:03:32]} Ne2+ {[%clk 0:00:33]} 48. Ke5 {[%clk 0:02:59]} b3
{[%clk 0:00:38]} 49. Nb2 {[%clk 0:02:28]} Nc3 {[%clk 0:00:32]} 50. Kd6
{[%clk 0:01:31]} Nxe4+ {[%clk 0:00:32]} 51. Kd5 {[%clk 0:01:35]} Nd2
{[%clk 0:00:34]} 52. Kxc5 {[%clk 0:01:58]} Nf1 {[%clk 0:01:01]} 53. Kb6
{[%clk 0:02:11]} Nxh2 {[%clk 0:01:20]} 54. Kxa5 {[%clk 0:02:40]} Ke7
{[%clk 0:00:38]} 55. Kb6 {[%clk 0:03:02]} Nf1 {[%clk 0:00:32]} 56. a5
{[%clk 0:03:24]} Ne3 {[%clk 0:01:01]} 57. Kc6 {[%clk 0:03:29]} Nc2
{[%clk 0:01:05]} 58. Nd3 {[%clk 0:03:02]} Ne1 {[%clk 0:00:41]} 59. Nb2
{[%clk 0:03:08]} Nc2 {[%clk 0:01:04]} 60. Kc5 {[%clk 0:02:28]} Kd7
{[%clk 0:01:18]} 61. a6 {[%clk 0:02:18]} Kc7 {[%clk 0:01:47]} 62. Kc4
{[%clk 0:01:58]} Kb6 {[%clk 0:01:47]} 63. Kxb3 {[%clk 0:02:21]} Ne1
{[%clk 0:02:02]} 64. g3 {[%clk 0:02:42]} Kxa6 {[%clk 0:02:15]} 65. Kc4
{[%clk 0:03:04]} Kb6 {[%clk 0:02:12]} 66. Kd5 {[%clk 0:03:26]} Kc7
{[%clk 0:01:38]} 67. Ke6 {[%clk 0:03:49]} Kc6 {[%clk 0:01:42]} 68. Kf6
{[%clk 0:04:14]} Kd5 {[%clk 0:01:59]} 69. Kg7 {[%clk 0:04:41]} Ke4
{[%clk 0:02:21]} 70. Kxh7 {[%clk 0:05:08]} Kf3 {[%clk 0:02:46]} 71. Nd3
{[%clk 0:05:33]} Nc2 {[%clk 0:03:11]} 72. g4 {[%clk 0:05:58]} Nb4
{[%clk 0:03:09]} 73. g5 {[%clk 0:06:12]} Nxd3 {[%clk 0:03:33]} 74. g6
{[%clk 0:06:35]} Nf4 {[%clk 0:03:58]} 75. g7 {[%clk 0:06:56]} Nh5
{[%clk 0:04:25]} 76. g8=Q {[%clk 0:07:20]} Nf6+ {[%clk 0:04:51]} 1/2-1/2